Biblioteca

The legacy of James Johnson (Registro nro. 57374)

Detalles MARC
000 -LÍDER
Campo fijo de descripción fija 01078aab a2200241 i 4500
001 - NÚMERO DE CONTROL
Campo de control 768714001
003 - IDENTIFICADOR DEL NÚMERO DE CONTROL
Campo de control CO-MdFUSB
005 - FECHA Y HORA DE LA ULTIMA TRANSACCIÓN
control field 20240806094608.0
008 - ELEMENTOS DE LONGITUD FIJA -- INFORMACIÓN GENERAL
Campo fijo de descripción fija -- Información general 240806t1997 -us||||| |||| 00| 0 eng d
040 ## - FUENTE DE CATALOGACIÓN
Idioma de catalogación spa
Agencia que realiza la transcripción CO-MdFUSB
041 ## - CÓDIGO DE IDIOMA
Código de idioma para texto/pista de sonido o título separado eng
100 1# - ASIENTO PRINCIPAL--NOMBRE PERSONAL
Nombre personal Hanciles, Jehu J.
Término relacionador autor
245 #4 - TÍTULO
Título The legacy of James Johnson
Mención de responsabilidad / Jehu J. Hanciles
520 ## - NOTA DE RESUMEN, ETC.
Nota de sumario, etc. El legado de James Johnson, quien en sus primeros años de vida estuvo en un entorno conscientemente cristiano (cuando era un adolescente, "no menos de dos tercios de la población... [era] declaradamente cristiana", aunque estaba profundamente influenciado por las creencias y costumbres tribales, como se menciona en este artículo).
546 ## - NOTA DE IDIOMA
Nota de idioma Texto en inglés.
650 #0 - ASIENTO SECUNDARIO DE MATERIA - TERMINO TEMÁTICO
Término temático o nombre geográfico como elemento de entrada Misiones
9 (RLIN) 154
650 #7 - ASIENTO SECUNDARIO DE MATERIA - TERMINO TEMÁTICO
Término temático o nombre geográfico como elemento de entrada Misioneros
9 (RLIN) 931
650 #7 - ASIENTO SECUNDARIO DE MATERIA - TERMINO TEMÁTICO
Término temático o nombre geográfico como elemento de entrada Antropología cultural y social
9 (RLIN) 6714
650 #7 - ASIENTO SECUNDARIO DE MATERIA - TERMINO TEMÁTICO
Término temático o nombre geográfico como elemento de entrada Cristianismo y cultura
9 (RLIN) 6959
773 0# - ASIENTO DE ITEM FUENTE
Título International Bulletin
Biblionumber 49483
Itemnumber 61008
Parte(s) relacionada(s) / Volumen., número. (mes año), páginas Volumen 21, (número 4, 1997), páginas: 162 - 167
Enumeración y primera página 162-167
942 ## - TIPO DE MATERIAL (KOHA)
Tipo de Item KOHA Artículos de Revista
945 ## - INFORMACIÓN LOCAL DEL REGISTRO
Catalogador Catherine Arias Álvarez - Practicante SENA

No hay ítems disponibles.

Biblioteca FUSBC | Teléfono: (57+4) 349 88 10 Ext. 141| WhatsApp (+57) 3005338115 
E-mail: biblioteca@unisbc.edu.co | Calle 76 87-14 Robledo Palenque, Medellín, Colombia

Con tecnología Koha